Newton polyhedra without coordinates : Newton polyhedra of ideals

Αποθηκεύτηκε σε:
Λεπτομέρειες βιβλιογραφικής εγγραφής
Κύριος συγγραφέας: Youssin, Boris 1959-
Μορφή: Βιβλίο
Γλώσσα:English
Δημοσίευση: Providence, R.I., USA : American Mathematical Society, c1990
Σειρά:Memoirs of the American Mathematical Society ; ; 433
Θέματα:
Ετικέτες: Προσθήκη ετικέτας
Δεν υπάρχουν, Καταχωρήστε ετικέτα πρώτοι!

MARC

LEADER 00000cam a2200000 i 4500
001 1/51162
008 941103s1990 eng d
020 |a 0821824953 
035 |l 10044069 
035 |a 1993 
040 |a GR-MY-UA  |b gre  |e aacr 
041 0 |a eng 
082 0 |a 515.983 
100 1 |a Youssin, Boris  |d 1959- 
245 1 0 |a Newton polyhedra without coordinates :  |b Newton polyhedra of ideals /  |c Boris Youssin 
260 |a Providence, R.I., USA :   |b American Mathematical Society,   |c c1990 
300 |a v, 99 p.;  |c 25 cm 
490 1 |a Memoirs of the American Mathematical Society  |v ; 433 
500 |a "September 1990, volume 87, number 433 (first of 3 numbers)." 
504 |a Includes bibliographical references (p. 98)." 
650 0 0 |a Polyhedral functions. 
650 0 0 |a Filters (Mathematics) 
650 0 0 |a Rings (Algebra) 
650 0 0 |a Ideals (Algebra) 
830 0 |a Memoirs of the American Mathematical Society ;  |v ; 433 
852 |a INST  |b SAMOS  |e 19941103  |h 515.983 YOU  |p 005300002468  |q 005300002468  |t BK  |y 0 
909 |a Σ  |b 030180